000
00248nam a2200109Ia 4500
008
230907s9999||||xx |||||||||||||| ||und||
082
_a
150
_b
PSY
245
0
_a
Psychologies Collection:
260
_a
Capstone,
_c
2017
300
_a
5 v.
942
_c
BK
999
_c
601098
_d
601098